Podzielone Nazwy Państw Puzzle #1 - Statystyki

Ogólne statystyki
  • Ten quiz został rozwiązany 81 razy
  • Średni wynik to 15 z 20
Statystyki odpowiedzi
Country Name % Poprawnych
AFG ANIS TAN Afganistan
99%
AZE RBEJ DŻAN Azerbejdżan
94%
CHO RWA CJA Chorwacja
91%
PAR AG WAJ Paragwaj
88%
TAJ LAN DIA Tajlandia
88%
CZA RNOG ÓRA Czarnogóra
82%
KAM BO DŻA Kambodża
82%
WEN EZUE LA Wenezuela
82%
BAR BA DOS Barbados
79%
RU MUN IA Rumunia
78%
NOW AZEL ANDIA Nowa Zelandia
74%
SR ILA NKA Sri Lanka
69%
TA NZA NIA Tanzania
69%
BE LG IA Belgia
68%
IB UTI Dżibuti
68%
NIK ARA GUA Nikaragua
63%
SZ WE CJA Szwecja
63%
LES OT HO Lesotho
62%
UG AN DA Uganda
62%
ES WAT INI Eswatini
51%
Nie znaleziono quizów pasujących do podanych kryteriów
Rozkład punktacji
Procent ludzi z każdym wynikiem
Percentyl według liczby udzielonych odpowiedzi
Twoja historia wyników
Nie rozwiązałeś tego quizu